Community policing in Latin America: lessons from Mexico City /

Guardado en:
Bibliografiske detaljer
Hovedforfatter: Müller, Markus-Michael
Format: Texto
Tags: Tilføj Tag
Ingen Tags, Vær først til at tagge denne postø!

MARC

LEADER 00000 a a2200000 04500
001 43820
003
040
100 |a Müller, Markus-Michael  
245 |a Community policing in Latin America:   |b lessons from Mexico City /  |c Markus-Michael Müller  
773 |g número88 ( , 2010), páginas 21-37  
999 |c 35186  |d 35186